सरल सांख्यिकीय सिद्धान्त एवं उनके उपयोग / (Record no. 64400)

MARC details
000 -LEADER
fixed length control field 00865nam a22001817a 4500
005 - DATE AND TIME OF LATEST TRANSACTION
control field 20120326152210.0
020 ## - INTERNATIONAL STANDARD BOOK NUMBER
Terms of availability 70.00
International Standard Book Number 8173271275
035 ## - SYSTEM CONTROL NUMBER
System control number B-155929
037 ## - SOURCE OF ACQUISITION
Source of stock number/acquisition
Stock number dpl
082 ## - DEWEY DECIMAL CLASSIFICATION NUMBER
Classification number 310
100 ## - MAIN ENTRY--PERSONAL NAME
Personal name ब्यौहार, ब्रजकिशोर
245 ## - TITLE STATEMENT
Title सरल सांख्यिकीय सिद्धान्त एवं उनके उपयोग /
Statement of responsibility, etc ब्रजकिशोर ब्यौहार
260 ## - PUBLICATION, DISTRIBUTION, ETC. (IMPRINT)
Place of publication, distribution, etc भोपाल
Name of publisher, distributor, etc मध्यप्रदेश हिन्दी ग्रन्थ अकादमी
Date of publication, distribution, etc 2006
270 ## - ADDRESS
Address
City
Postal code
Telephone number
300 ## - PHYSICAL DESCRIPTION
Extent 276पृ.
Dimensions 22सेमी (अजिल्द)
942 ## - ADDED ENTRY ELEMENTS (KOHA)
Institution code [OBSOLETE] dpl
Item type Hindi Books
Call number prefix
Source of classification or shelving scheme Dewey Decimal Classification
Classification part 310
Call number suffix ब्यौहार
Holdings
Withdrawn status Lost status Not for loan Collection code Home library Current library Date acquired Cost, normal purchase price Full call number Barcode Cost, replacement price Koha item type
      Non-fiction Sarojini Nagar Sarojini Nagar 26/03/2012 70.00 310 ब्यौहार B-155929 70.00 Hindi Books

© Delhi Public Library
Hit Counter
free hit counter